[Event "4th HD Bank Cup 2014"]
[Site "Ho Chi Minh City VIE"]
[Date "2014.03.15"]
[Round "9.15"]
[White "Yeoh, Li Tian"]
[Black "Boricsev, Oleg"]
[Result "1-0"]
[BlackTitle "IM"]
[WhiteElo "2320"]
[BlackElo "2339"]
[WhiteFideId "5702895"]
[BlackFideId "720500"]
[EventDate "2014.03.10"]

1. e4 c6 2. d4 g6 3. Nf3 Bg7 4. Nc3 d5 5. h3 dxe4 6. Nxe4 Nf6 7. Bd3 Nxe4 8.
Bxe4 Nd7 9. O-O O-O 10. c3 c5 11. Be3 Nf6 12. Qc2 Nxe4 13. Qxe4 cxd4 14. Bxd4
Qc7 15. Rfe1 Re8 16. Bxg7 Kxg7 17. Rad1 Bf5 18. Qa4 a6 19. Qb4 e5 20. g4 Bc8 21.
Rd5 f6 22. g5 Qf7 23. gxf6+ Qxf6 24. Rdxe5 Rxe5 25. Nxe5 a5 26. Qe4 Qg5+ 27. Kh2
Ra6 28. Ng4 Bxg4 29. Qxb7+ Kh6 30. Qxa6 Qd2 31. Qf1 Bc8 32. Qe2 Qf4+ 33. Kh1
Bb7+ 34. Kg1 Qg5+ 35. Qg4 Qf6 36. Re6 Qd8 37. Qf4+ 1-0

[Event "4th HD Bank Cup 2014"]
[Site "Ho Chi Minh City VIE"]
[Date "2014.03.15"]
[Round "9.16"]
[White "Duong, The Anh"]
[Black "Tran, Thanh Tu"]
[Result "1-0"]
[WhiteTitle "IM"]
[BlackTitle "CM"]
[WhiteElo "2335"]
[BlackElo "2277"]
[WhiteFideId "12401277"]
[BlackFideId "12401404"]
[EventDate "2014.03.10"]

1. d4 e6 2. Bf4 d5 3. e3 Bd6 4. Bg3 f5 5. c4 c6 6. Nc3 Nf6 7. Bd3 O-O 8. Qc2 Qe7
9. Nge2 Bd7 10. Qb3 dxc4 11. Bxc4 b5 12. Bd3 Kh8 13. e4 Bxg3 14. hxg3 e5 15.
dxe5 Qxe5 16. Nf4 Qe8 17. O-O-O fxe4 18. Nxe4 g6 19. Nxg6+ Qxg6 20. Nxf6 Qg5+
21. f4 Qc5+ 22. Kb1 Bf5 23. Nxh7 1-0

[Event "4th HD Bank Cup 2014"]
[Site "Ho Chi Minh City VIE"]
[Date "2014.03.15"]
[Round "9.17"]
[White "Bersamina, Paulo"]
[Black "Hoang, Thi Bao Tram"]
[Result "1-0"]
[WhiteTitle "FM"]
[BlackTitle "WGM"]
[WhiteElo "2326"]
[BlackElo "2269"]
[WhiteFideId "5206995"]
[BlackFideId "12401102"]
[EventDate "2014.03.10"]

1. e4 e5 2. Nf3 d6 3. d4 Nd7 4. Bc4 c6 5. Ng5 Nh6 6. a4 Be7 7. Bxf7+ Nxf7 8. Ne6
Qb6 9. a5 Qb4+ 10. c3 Qc4 11. Nc7+ Kd8 12. b3 Kxc7 13. bxc4 Nf6 14. Qe2 Re8 15.
O-O Bf8 16. d5 c5 17. f3 Nh5 18. f4 Nxf4 19. Bxf4 exf4 20. Qh5 Re7 21. Rxf4 g6
22. Qxh7 Ne5 23. Qh4 Re8 24. Rxf8 Rxf8 25. Qe7+ Bd7 26. Na3 a6 27. Nb5+ axb5 28.
cxb5 b6 29. axb6+ Kxb6 30. Qxd6+ Kxb5 31. Rxa8 Rxa8 32. Qxe5 Kc4 33. d6 Bc6 34.
Qe6+ Kd3 35. d7 Bxe4 36. Qd6+ 1-0

[Event "4th HD Bank Cup 2014"]
[Site "Ho Chi Minh City VIE"]
[Date "2014.03.15"]
[Round "9.18"]
[White "Muminova, Nafisa"]
[Black "Vo, Dai Hoai Duc"]
[Result "1-0"]
[WhiteTitle "WGM"]
[WhiteElo "2322"]
[BlackElo "2187"]
[WhiteFideId "14201526"]
[BlackFideId "12400033"]
[EventDate "2014.03.10"]

1. e4 c5 2. c3 e6 3. Nf3 Nf6 4. e5 Nd5 5. d4 cxd4 6. cxd4 d6 7. Bc4 Nc6 8. O-O
Nb6 9. Bb3 dxe5 10. dxe5 Qxd1 11. Rxd1 Na5 12. Bc2 Bd7 13. Nc3 Rc8 14. Bd3 a6
15. Bf1 Bc6 16. Bf4 Bb4 17. Ne2 Bxf3 18. gxf3 Nd5 19. Rac1 O-O 20. Rxc8 Rxc8 21.
Bc1 Nc6 22. f4 Nce7 23. Ng3 Bc5 24. f5 Bb6 25. fxe6 fxe6 26. Bh3 Rc6 27. Bg5 Kf7
28. Ne4 Bc7 29. Bd2 h6 30. f4 g6 31. Rc1 Rxc1+ 32. Bxc1 Nf5 33. Kf1 b5 34. Ke2
Ke7 35. Nc3 Nb6 36. b3 b4 37. Ne4 Nd5 38. Bd2 a5 39. Bg2 Bb6 40. Ng3 Nfe3 41.
Bxd5 Nxd5 42. Ne4 Bd4 43. Nd6 Bc3 44. Be3 g5 45. fxg5 Bxe5 46. Nc4 Bh8 47. gxh6
Nc3+ 48. Kd3 Nxa2 49. Nxa5 Kf7 50. Nc6 Kg6 51. Kc4 Bc3 52. Kc5 Be1 53. Ne5+ Kh7
54. Nf3 Bc3 55. Kd6 Bb2 56. Ng5+ Kxh6 57. Nxe6+ Kh5 58. Kc5 Bc1 59. Bd4 Bd2 60.
Bb2 Kg4 61. Kc4 Kh3 62. Be5 Nc1 63. Nf4+ Kg4 64. Nd3 Nxb3 65. Kxb3 Kh3 66. Nf2+
Kg2 67. Ne4 Be1 68. Ng5 Bh4 69. Ne6 Kh3 70. Kxb4 Bf2 71. Ng5+ Kg4 72. Ne4 Bg1
73. Nd2 Bf2 74. Kc4 Kh3 75. Kd3 Bh4 76. Nf3 Bd8 77. Ke2 Be7 78. Kf1 Bd8 79. Ng1+
Kg4 80. Kg2 Be7 81. Nf3 Bd8 82. h3+ Kh5 83. Kg3 Be7 84. Kf4 Bd8 85. Kf5 Be7 86.
Ke6 Bh4 87. Kf5 Be7 88. Bf6 Bc5 89. Nd2 Kh6 90. Ne4 Be3 91. Bg5+ 1-0

[Event "4th HD Bank Cup 2014"]
[Site "Ho Chi Minh City VIE"]
[Date "2014.03.15"]
[Round "9.19"]
[White "Pham, Duc Thang"]
[Black "Kashlinskaya, Alina"]
[Result "0-1"]
[WhiteTitle "FM"]
[BlackTitle "WGM"]
[WhiteElo "2201"]
[BlackElo "2440"]
[WhiteFideId "12401420"]
[BlackFideId "4198026"]
[EventDate "2014.03.10"]

1. e4 e5 2. Nf3 Nc6 3. Bc4 Nf6 4. Nc3 Be7 5. O-O O-O 6. d3 d6 7. h3 Na5 8. Bb3
Nxb3 9. axb3 c6 10. d4 Qc7 11. Bg5 Be6 12. Qe2 b5 13. Bxf6 Bxf6 14. d5 cxd5 15.
exd5 Bd7 16. Ra6 b4 17. Ne4 Be7 18. Nxe5 Bc8 19. Rc6 Qd8 20. Rxc8 Qxc8 21. Nc6
Qb7 22. Nd2 Rfe8 23. Nc4 Qc7 24. Re1 Bf8 25. Qxe8 Rxe8 26. Rxe8 g6 27. Ra8 Qd7
28. Rd8 Qb7 29. Nxd6 Qa6 30. Ne7+ Kg7 31. Ne8+ Kh6 32. Ng8+ Kg5 33. Nef6 Bg7 34.
Ne4+ Kf4 35. Re8 Qa1+ 36. Kh2 Be5 37. Nd2 Kf5+ 38. g3 Qe1 39. Nh6+ Kf6 40. Ng4+
Kg7 41. Rxe5 Qxd2 42. Kg2 Qxc2 43. Re7 Qxb3 44. Ne3 Qxb2 45. Rxa7 b3 46. d6 Qd4
47. d7 b2 48. Rb7 Qe4+ 49. Kh2 Qxb7 50. Nf5+ gxf5 51. d8=Q f6 0-1

[Event "4th HD Bank Cup 2014"]
[Site "Ho Chi Minh City VIE"]
[Date "2014.03.15"]
[Round "9.20"]
[White "Nitin, S."]
[Black "Nguyen, Hoang Nam"]
[Result "1-0"]
[WhiteTitle "IM"]
[BlackTitle "CM"]
[WhiteElo "2378"]
[BlackElo "2281"]
[WhiteFideId "5018277"]
[BlackFideId "12402133"]
[EventDate "2014.03.10"]

1. e4 c5 2. Nf3 e6 3. d4 cxd4 4. Nxd4 a6 5. Nc3 Nc6 6. Be2 Nge7 7. O-O Nxd4 8.
Qxd4 Nc6 9. Qe3 Qc7 10. Kh1 b5 11. f4 Bb7 12. a4 b4 13. Nd1 Be7 14. b3 Bf6 15.
e5 Bd8 16. Bb2 Ne7 17. Bd3 h5 18. Qh3 g6 19. Ne3 Nf5 20. Nc4 Kf8 21. c3 h4 22.
cxb4 Kg8 23. Bxf5 gxf5 24. Rac1 Qb8 25. Nd6 Bc6 26. Rxc6 dxc6 27. Qf3 Be7 28.
Qxc6 Rh6 29. Nxf5 1-0

[Event "4th HD Bank Cup 2014"]
[Site "Ho Chi Minh City VIE"]
[Date "2014.03.15"]
[Round "9.21"]
[White "Tran, Tuan Minh"]
[Black "Liu, Xiangyi"]
[Result "1-0"]
[WhiteTitle "FM"]
[BlackTitle "FM"]
[WhiteElo "2353"]
[BlackElo "2159"]
[WhiteFideId "12401820"]
[BlackFideId "8605718"]
[EventDate "2014.03.10"]

1. d4 Nf6 2. Bg5 d5 3. Bxf6 gxf6 4. e3 c5 5. Nc3 e6 6. dxc5 Bxc5 7. Qh5 f5 8.
O-O-O Qe7 9. h3 Nc6 10. g4 fxg4 11. hxg4 Bd7 12. Bb5 O-O-O 13. Nge2 a6 14. Bxc6
Bxc6 15. Nd4 Be8 16. Qh4 f6 17. f4 Bf7 18. Rhf1 Rd7 19. Kb1 e5 20. Nf5 Qe6 21.
e4 dxe4 22. Rxd7 Kxd7 23. Ng7 Qc4 24. Rd1+ Kc7 25. Qxf6 Bd4 26. Nf5 Rd8 27. fxe5
Rd7 28. Nxd4 Rxd4 29. Rxd4 Qxd4 30. Qxf7+ Kb6 31. Qd5 Qg1+ 32. Qd1 1-0

[Event "4th HD Bank Cup 2014"]
[Site "Ho Chi Minh City VIE"]
[Date "2014.03.15"]
[Round "9.22"]
[White "Hoang, Thi Nhu Y"]
[Black "Le, Hoang Tran Chau"]
[Result "1-0"]
[WhiteTitle "WIM"]
[BlackTitle "WFM"]
[WhiteElo "2210"]
[BlackElo "2124"]
[WhiteFideId "12401455"]
[BlackFideId "12401854"]
[EventDate "2014.03.10"]

1. d4 Nf6 2. Nf3 g6 3. c4 Bg7 4. Nc3 O-O 5. e4 d6 6. Be2 e5 7. dxe5 dxe5 8. Bg5
c6 9. O-O Qc7 10. h3 Nbd7 11. Be3 Re8 12. Qd2 Nf8 13. Rfd1 b6 14. Qd6 Qxd6 15.
Rxd6 Bb7 16. b4 Rad8 17. Rxd8 Rxd8 18. a4 N6d7 19. a5 Ne6 20. axb6 axb6 21. Ra7
Rb8 22. Na4 c5 23. b5 Kf8 24. Nc3 Ke8 25. Ng5 Nd4 26. Bd1 h6 27. Nf3 f5 28. Nh4
f4 29. Bd2 g5 30. Nf3 Kd8 31. Nd5 Bf8 32. Ne1 Bxd5 33. exd5 Be7 34. g3 Nf6 35.
Nd3 Bd6 36. gxf4 exf4 37. Kg2 Bc7 38. Bc3 h5 39. Bxd4 cxd4 40. Nb4 Kd7 41. Nc6
Rc8 42. Nxd4 g4 43. hxg4 hxg4 44. Ne6 Kd6 45. Nxf4 Ke5 46. Ng6+ Kd6 47. Bc2 Rg8
48. c5+ Kxc5 49. Rxc7+ Kxb5 50. Rf7 Nxd5 51. Rf5 Kc4 52. Rxd5 Kxd5 1-0

[Event "4th HD Bank Cup 2014"]
[Site "Ho Chi Minh City VIE"]
[Date "2014.03.15"]
[Round "9.23"]
[White "Nguyen, Anh Khoi"]
[Black "Vijayalakshmi, Subbaraman"]
[Result "1-0"]
[WhiteTitle "FM"]
[BlackTitle "IM"]
[WhiteElo "2147"]
[BlackElo "2365"]
[WhiteFideId "12404675"]
[BlackFideId "5004098"]
[EventDate "2014.03.10"]

1. Nf3 Nf6 2. g3 e6 3. Bg2 d5 4. O-O Be7 5. c4 O-O 6. d4 b6 7. Nbd2 Bb7 8. b3
Nbd7 9. Bb2 c5 10. Rc1 Rc8 11. dxc5 Nxc5 12. Ne5 dxc4 13. Bxb7 Nxb7 14. Ndxc4
Bc5 15. e3 b5 16. Nd2 Nd5 17. Qe2 Nd6 18. e4 Ne7 19. Rfd1 Bb4 20. Rxc8 Qxc8 21.
Ndf3 Rd8 22. Nd4 Bc3 23. Rc1 b4 24. Bxc3 bxc3 25. Qe3 Qa8 26. f3 f6 27. Nd3 e5
28. Ne2 Nb5 29. Nxc3 Nd4 30. f4 exf4 31. Nxf4 Nec6 32. Ncd5 Ne5 33. Kg2 Ndc6 34.
b4 Qb7 35. Qc5 a6 36. a4 Rb8 37. Rb1 Nd8 38. b5 Ndf7 39. h4 Qd7 40. Qc7 Qxc7 41.
Nxc7 axb5 42. axb5 Nd6 43. Rb4 Nc6 44. Rb1 Ne5 45. Nfe6 Nxe4 46. Nd4 Kf7 47. b6
Kg6 48. Nd5 Nd6 49. Ne7+ Kf7 50. Nec6 Ra8 51. b7 Ra2+ 52. Kh3 Nd7 53. b8=Q Nxb8
54. Rxb8 Ra3 55. Kg4 h5+ 56. Kf4 g5+ 57. hxg5 fxg5+ 58. Ke5 Nc4+ 59. Kd5 Ne3+
60. Ke4 Nf1 61. Ne5+ Kg7 62. Nf5+ Kh7 63. Rb7+ Kg8 64. Rg7+ Kf8 65. Rf7+ Ke8 66.
Nd6+ 1-0

[Event "4th HD Bank Cup 2014"]
[Site "Ho Chi Minh City VIE"]
[Date "2014.03.15"]
[Round "9.24"]
[White "Pham, Le Thao Nguyen"]
[Black "Tran, Thi Mong Thu"]
[Result "1-0"]
[WhiteTitle "IM"]
[WhiteElo "2349"]
[BlackElo "1909"]
[WhiteFideId "12401226"]
[BlackFideId "12403415"]
[EventDate "2014.03.10"]

1. d4 d5 2. c4 c6 3. cxd5 cxd5 4. Nc3 e6 5. Nf3 Nc6 6. Bf4 a6 7. e3 Nf6 8. Rc1
Be7 9. Bd3 O-O 10. O-O Nh5 11. Be5 Nxe5 12. Nxe5 g6 13. Na4 Bd6 14. f4 f5 15. a3
Bxe5 16. fxe5 Qg5 17. Qd2 Rb8 18. Nb6 Qd8 19. Qb4 Bd7 20. Qd6 Bc6 21. Qxd8 Rbxd8
22. g3 Be8 23. Rc3 g5 24. Be2 Ng7 25. Rc7 Rf7 26. Rfc1 Bc6 27. Rxf7 Kxf7 28.
Bxa6 bxa6 29. Rxc6 Rb8 30. b4 f4 31. exf4 gxf4 32. Nd7 Rg8 33. Nf6 Ra8 34. g4
Kg6 35. Kg2 h6 36. Kf3 Kg5 37. Rc7 Kg6 38. Kxf4 Rf8 39. Kg3 h5 40. h3 Rh8 41.
Rc6 hxg4 42. hxg4 Rh1 43. Rxa6 Rd1 44. b5 Rxd4 45. Ra7 Rd3+ 46. Kf2 Rb3 47. a4
d4 48. Ke2 Re3+ 49. Kd2 Rb3 50. Ne4 Nf5 51. gxf5+ Kxf5 52. Nc5 Rb1 53. Kc2 Rb4
54. Rf7+ 1-0

[Event "4th HD Bank Cup 2014"]
[Site "Ho Chi Minh City VIE"]
[Date "2014.03.15"]
[Round "9.25"]
[White "Tran, Manh Tien"]
[Black "Le, Kieu Thien Kim"]
[Result "1-0"]
[BlackTitle "WIM"]
[WhiteElo "2304"]
[BlackElo "2199"]
[WhiteFideId "12401897"]
[BlackFideId "12400572"]
[EventDate "2014.03.10"]

1. d4 Nf6 2. c4 c6 3. Nc3 d5 4. cxd5 cxd5 5. Bf4 Nc6 6. e3 Bf5 7. Qb3 Na5 8.
Bb5+ Bd7 9. Qa4 Nc6 10. Nf3 a6 11. Bxc6 Bxc6 12. Qb3 e6 13. Ne5 Be7 14. O-O O-O
15. Nxc6 bxc6 16. Na4 Nh5 17. Be5 f6 18. Bg3 Nxg3 19. hxg3 f5 20. Rac1 Rb8 21.
Qc2 Rc8 22. Qc3 Rf6 23. Nc5 Bxc5 24. Qxc5 Rh6 25. b4 Qg5 26. Qd6 Rf8 27. Rxc6
Qh5 28. f3 Qh2+ 29. Kf2 Rg6 30. Qf4 Rg4 31. Qe5 Re4 32. fxe4 1-0

[Event "4th HD Bank Cup 2014"]
[Site "Ho Chi Minh City VIE"]
[Date "2014.03.15"]
[Round "9.26"]
[White "Ton, That Nhu Tung"]
[Black "Borsos, Bogdan"]
[Result "1/2-1/2"]
[WhiteTitle "IM"]
[BlackTitle "IM"]
[WhiteElo "2235"]
[BlackElo "2271"]
[WhiteFideId "12401439"]
[BlackFideId "14100568"]
[EventDate "2014.03.10"]

1. d4 Nf6 2. c4 e6 3. g3 Bb4+ 4. Bd2 Qe7 5. Nf3 Nc6 6. a3 Bxd2+ 7. Qxd2 a5 8.
Bg2 d6 9. Nc3 e5 10. O-O O-O 11. d5 Nb8 12. b4 axb4 13. axb4 Rxa1 14. Rxa1 Na6
15. Qb2 e4 16. Nd4 h5 17. Nc2 h4 18. Nd1 Re8 19. Qd4 Nh7 20. Ra3 h3 21. Bf1 Ng5
22. Re3 c5 23. dxc6 bxc6 24. Nc3 c5 25. bxc5 Nxc5 26. Nb5 Rd8 27. Nb4 Bb7 28. f4
Nge6 29. Qc3 Nc7 30. Nxc7 Qxc7 31. Bxh3 Qb6 32. Nc2 Ra8 33. Kf2 Qb1 34. Na3 Qh1
35. Bg2 Qxh2 36. Qc1 Nd3+ 37. exd3 exd3 38. Qh1 Qxh1 39. Bxh1 Bxh1 40. Rxd3 d5
41. cxd5 Bxd5 1/2-1/2

[Event "4th HD Bank Cup 2014"]
[Site "Ho Chi Minh City VIE"]
[Date "2014.03.15"]
[Round "9.27"]
[White "Nguyen, Dang Hong Phuc"]
[Black "Tu, Hoang Thai"]
[Result "1/2-1/2"]
[BlackTitle "IM"]
[WhiteElo "1870"]
[BlackElo "2250"]
[WhiteFideId "12402761"]
[BlackFideId "12400351"]
[EventDate "2014.03.10"]

1. d4 g6 2. Nf3 Bg7 3. g3 c5 4. Bg2 cxd4 5. Nxd4 Nc6 6. e3 Qb6 7. c3 Nf6 8. O-O
d5 9. Qb3 Qc5 10. Qa3 Qxa3 11. Nxa3 O-O 12. Rd1 Bg4 13. f3 Bd7 14. b3 e5 15.
Nxc6 Bxc6 16. Bb2 Rfd8 17. c4 e4 18. fxe4 dxe4 19. Nc2 Ng4 20. Bxg7 Kxg7 21. h3
Ne5 22. Nd4 Re8 23. Nxc6 Nxc6 24. Rd7 b6 25. Rc7 Re6 26. Rxc6 Rxc6 27. Bxe4 Rac8
28. Bxc6 Rxc6 29. Rd1 a6 30. a4 b5 31. cxb5 axb5 32. a5 b4 33. Rd4 Rc1+ 34. Kf2
Ra1 35. Rxb4 Rxa5 36. Rc4 Ra2+ 37. Kf3 Rb2 38. b4 g5 1/2-1/2

[Event "4th HD Bank Cup 2014"]
[Site "Ho Chi Minh City VIE"]
[Date "2014.03.15"]
[Round "9.28"]
[White "Nguyen, Sy Hung"]
[Black "Tran, Ngoc Lan"]
[Result "1-0"]
[WhiteElo "2131"]
[BlackElo "2244"]
[WhiteFideId "12401374"]
[BlackFideId "12401811"]
[EventDate "2014.03.10"]

1. Nf3 d5 2. c4 c6 3. b3 Bf5 4. Bb2 Nf6 5. g3 Nbd7 6. Bg2 e6 7. O-O h6 8. d3 Qc7
9. Nbd2 Bc5 10. Rc1 dxc4 11. Nxc4 O-O 12. Rc2 Be7 13. Qa1 Rfd8 14. Rfc1 Rac8 15.
Nce5 Nxe5 16. Nxe5 Qa5 17. a3 Ne8 18. b4 Qa4 19. e4 Bh7 20. d4 a5 21. Nc4 axb4
22. Nb6 Qb3 23. Nxc8 Rxc8 24. axb4 Bxb4 25. Re2 Qd3 26. Re3 Qd2 27. Rd1 Qc2 28.
Bf1 Nc7 29. Bd3 Qb3 30. Be2 Qc2 31. Bd3 Qb3 32. Qc1 Qa2 33. Qc2 Qa5 34. Ra1 Qb6
35. Bc3 Bxc3 36. Qxc3 Rd8 37. Rb1 Qa7 38. Qc5 Qa8 39. Qb6 Ne8 40. e5 Bxd3 41.
Rxd3 Rd7 42. Rdb3 g6 43. Qc5 Ng7 44. Ra3 Qd8 45. Rba1 Qe7 46. Ra8+ Kh7 47. Qa7
g5 48. Qb8 Rxd4 49. Qh8+ Kg6 50. Rg8 f6 51. Raa8 fxe5 52. Rae8 Qf6 53. Rxg7+
Qxg7 54. Rxe6+ Kf7 55. Qe8# 1-0

[Event "4th HD Bank Cup 2014"]
[Site "Ho Chi Minh City VIE"]
[Date "2014.03.15"]
[Round "9.29"]
[White "Doan, Van Duc"]
[Black "Emojong, Elijah"]
[Result "0-1"]
[BlackTitle "IM"]
[WhiteElo "2124"]
[BlackElo "2350"]
[WhiteFideId "12400335"]
[BlackFideId "10000402"]
[EventDate "2014.03.10"]

1. Nf3 d5 2. g3 Nf6 3. Bg2 g6 4. O-O Bg7 5. c4 O-O 6. cxd5 Nxd5 7. Nc3 Nb6 8. d4
Nc6 9. e3 e5 10. d5 Nb4 11. e4 c6 12. a3 Na6 13. dxc6 bxc6 14. Qc2 Bg4 15. Na4
Nxa4 16. Qxa4 Nc5 17. Qxc6 Rc8 18. Qd5 Qxd5 19. exd5 Nb3 20. Be3 e4 21. Ng5 Nxa1
22. Rxa1 f5 23. Ne6 Rf7 24. h3 Be2 25. d6 Be5 26. Bf4 Bxf4 27. Nxf4 Ba6 28. f3
e3 29. Nd5 Rd8 30. Nxe3 Rxd6 31. f4 Re7 32. Nd5 Re2 33. Rd1 Rxg2+ 34. Kxg2 Rxd5
35. Rxd5 Bb7 36. Kf2 Bxd5 37. Ke3 Kf7 38. Kd4 Ke6 39. Kc5 Bb3 40. Kb5 Kd5 41.
Ka6 Ke4 42. Kxa7 Kf3 43. Kb6 Kxg3 44. Kb5 Kxf4 45. a4 Ke4 46. a5 f4 47. a6 f3
48. Kb4 Bd5 49. Kc5 f2 50. b4 f1=Q 0-1

[Event "4th HD Bank Cup 2014"]
[Site "Ho Chi Minh City VIE"]
[Date "2014.03.15"]
[Round "9.30"]
[White "Ngo, Thi Kim Tuyen"]
[Black "Vo, Thi Kim Phung"]
[Result "0-1"]
[BlackTitle "WIM"]
[WhiteElo "2083"]
[BlackElo "2197"]
[WhiteFideId "12400505"]
[BlackFideId "12401838"]
[EventDate "2014.03.10"]

1. d4 Nf6 2. c4 e6 3. Nf3 Bb4+ 4. Nc3 c5 5. Qc2 Nc6 6. a3 Bxc3+ 7. bxc3 d6 8. e4
e5 9. Be2 h6 10. O-O O-O 11. Bb2 b6 12. Rfd1 Qe8 13. Nd2 Na5 14. dxc5 dxc5 15.
Nf1 Ba6 16. Ne3 Qe6 17. Nf5 Rad8 18. Rd3 Rxd3 19. Qxd3 Kh7 20. Ne3 Rc8 21. a4
Rc7 22. Nd5 Rc6 23. Qc2 Bxc4 24. Bxc4 Nxc4 25. Nxf6+ Qxf6 26. Rd1 Rd6 27. Bc1
Qg6 28. f3 Kg8 29. Qe2 Rxd1+ 30. Qxd1 Qd6 31. Qe2 Na5 32. h3 c4 33. Kh2 Qd3 34.
Qe1 Qc2 35. Be3 Kh7 36. Bg1 Qxa4 37. Qd2 Qc6 38. Qe3 Nb3 39. f4 Qd6 40. fxe5
Qxe5+ 41. Kh1 Qe6 42. Qf4 a5 43. Qb8 a4 44. Qa8 b5 45. Be3 Qd6 46. Kg1 Qf6 0-1

[Event "4th HD Bank Cup 2014"]
[Site "Ho Chi Minh City VIE"]
[Date "2014.03.15"]
[Round "9.31"]
[White "Duong, Thuong Cong"]
[Black "Pham, Bich Ngoc"]
[Result "1/2-1/2"]
[BlackTitle "WIM"]
[WhiteElo "2078"]
[BlackElo "2186"]
[WhiteFideId "12402443"]
[BlackFideId "12401285"]
[EventDate "2014.03.10"]

1. e4 c6 2. d4 d5 3. exd5 cxd5 4. Bd3 Nc6 5. c3 Nf6 6. h3 e6 7. Ne2 Be7 8. O-O
O-O 9. Nd2 b6 10. Nf3 Bb7 11. Ng3 h6 12. Bf4 Bd6 13. Qd2 Qc7 14. Bxd6 Qxd6 15.
Rfe1 Rac8 16. Rad1 Nd7 17. Qe2 Rfe8 18. Ne5 Ncxe5 19. dxe5 Qe7 20. Ba6 Bxa6 21.
Qxa6 Nc5 22. Qe2 a5 23. Rd4 g6 24. Qb5 Qc7 25. Ne2 Qxe5 26. Qxb6 Qb8 27. Qxb8
Rxb8 28. b3 Kg7 29. c4 dxc4 30. Rxc4 Nd3 31. Rf1 Nb4 1/2-1/2

[Event "4th HD Bank Cup 2014"]
[Site "Ho Chi Minh City VIE"]
[Date "2014.03.15"]
[Round "9.32"]
[White "Ivana Maria, Furtado"]
[Black "Nguyen, Phuoc Tam"]
[Result "1-0"]
[WhiteTitle "WIM"]
[WhiteElo "2177"]
[BlackElo "2055"]
[WhiteFideId "5048400"]
[BlackFideId "12402109"]
[EventDate "2014.03.10"]

1. d4 Nf6 2. c4 e6 3. Nc3 Bb4 4. Qc2 O-O 5. a3 Bxc3+ 6. Qxc3 b6 7. Bg5 Bb7 8. e3
d5 9. cxd5 Bxd5 10. Rc1 Nbd7 11. f3 c5 12. e4 Bb7 13. dxc5 Rc8 14. Qe3 h6 15.
Bf4 Nxc5 16. Rd1 Ncd7 17. Ne2 b5 18. Qxa7 Qb6 19. Qxb6 Nxb6 20. Nc3 b4 21. axb4
Nc4 22. Bxc4 Rxc4 23. Bd6 Rd8 24. O-O Ne8 25. Bc5 Rc8 26. Rc1 Ba6 27. Rfd1 Rb8
28. b3 Rcxb4 29. Bxb4 Rxb4 30. Rb1 Kf8 31. Na2 Rb6 32. b4 Ke7 33. Nc3 Nd6 34.
Na4 Rb8 35. Nc5 Bb5 36. Ra1 Nc8 37. e5 Bc6 38. Rd4 Bb5 39. Ne4 Rb7 40. Rc1 Bd7
41. Nc5 Rc7 42. Rxd7+ Rxd7 43. Nxd7 Kxd7 44. h4 Nb6 45. Ra1 Nc8 46. Rc1 Nb6 47.
Rc6 Nd5 48. Ra6 f6 49. Ra7+ Kd8 50. Rf7 fxe5 1-0

[Event "4th HD Bank Cup 2014"]
[Site "Ho Chi Minh City VIE"]
[Date "2014.03.15"]
[Round "9.33"]
[White "Pham, Thi Thu Hien"]
[Black "Tran, Le Dan Thuy"]
[Result "1-0"]
[WhiteElo "2158"]
[BlackElo "2005"]
[WhiteFideId "12402575"]
[BlackFideId "12403407"]
[EventDate "2014.03.10"]

1. e4 c5 2. Nf3 d6 3. d4 cxd4 4. Nxd4 Nf6 5. Nc3 e6 6. g4 h6 7. h4 a6 8. Rg1
Nfd7 9. g5 g6 10. h5 Ne5 11. f4 Nec6 12. hxg6 fxg6 13. Be3 h5 14. Bc4 Qe7 15. a4
Na5 16. Bd3 Nbc6 17. Qd2 Bd7 18. O-O-O Bg7 19. Nxc6 Nxc6 20. e5 O-O-O 21. exd6
Qxd6 22. Ne4 Qc7 23. Nf6 Na5 24. Qb4 Bf8 25. Qb6 Bd6 26. Qxc7+ Kxc7 27. b3 Bc6
28. Bxg6 h4 29. Be4 h3 30. Rdf1 Be7 31. Bxc6 Bxf6 32. Bh1 Bg7 33. f5 exf5 34.
Rxf5 Nc6 35. Rf7+ Rd7 36. Bb6+ Kc8 37. Rgf1 Ne5 38. R7f5 Rh4 39. Rf8+ 1-0

[Event "4th HD Bank Cup 2014"]
[Site "Ho Chi Minh City VIE"]
[Date "2014.03.15"]
[Round "9.34"]
[White "Tong, Thai Hung"]
[Black "Doan, Thi Van Anh"]
[Result "1/2-1/2"]
[BlackTitle "WFM"]
[WhiteElo "2151"]
[BlackElo "1994"]
[WhiteFideId "12403555"]
[BlackFideId "12400491"]
[EventDate "2014.03.10"]

1. d4 Nf6 2. c4 e6 3. Nf3 b6 4. a3 Bb7 5. Nc3 d5 6. cxd5 Nxd5 7. Bd2 c5 8. e3
Nc6 9. Nxd5 Qxd5 10. Bc3 Rd8 11. dxc5 Qf5 12. Qa4 Qxc5 13. Be2 Be7 14. Bxg7 Rg8
15. Bd4 Qa5+ 16. Qxa5 Nxa5 17. O-O Nb3 18. Rad1 Nxd4 19. Rxd4 Rxd4 20. exd4 Bf6
21. Rd1 Ke7 22. Ne1 Rd8 23. Bf3 Ba6 24. Nc2 Bc4 25. Nb4 Kf8 26. Nc6 Rd6 27. g3
Be2 28. Bxe2 Rxc6 29. Rd2 Rd6 30. Kf1 Rxd4 31. Rc2 Rd5 32. h4 Rc5 33. Rxc5 bxc5
34. b3 Bb2 35. a4 Ke7 36. g4 h6 37. Kg2 Kd6 38. f4 e5 39. g5 exf4 40. gxh6 Ke7
41. Kf3 Kf8 42. Bd3 Bf6 43. h5 Bg5 44. h7 Kg7 45. Kg4 f6 46. a5 Bh6 47. a6 Bg5
48. Be4 Bh6 49. Kf5 f3 50. Bxf3 Bg5 51. Ke6 Kxh7 52. Kd5 Bd2 53. Ke6 Kg7 54. Kd6
Bb4 55. Kc6 Ba5 56. Be2 Bb6 57. Kd6 Kh6 58. Ke6 Kg5 59. Bd1 f5 60. Be2 f4 61.
Bf3 Kh6 62. Ke5 Bc7+ 63. Kd5 Bb6 1/2-1/2

[Event "4th HD Bank Cup 2014"]
[Site "Ho Chi Minh City VIE"]
[Date "2014.03.15"]
[Round "9.35"]
[White "Le, Thi Phuong Lien"]
[Black "Frost, Peter"]
[Result "1/2-1/2"]
[WhiteTitle "WFM"]
[WhiteElo "2143"]
[BlackElo "1781"]
[WhiteFideId "12400254"]
[BlackFideId "3204634"]
[EventDate "2014.03.10"]

1. e4 e6 2. d3 d5 3. Nd2 Nf6 4. g3 Be7 5. Bg2 O-O 6. Ne2 c5 7. O-O Nc6 8. h3 Rb8
9. a4 a6 10. f4 b5 11. axb5 axb5 12. e5 Nd7 13. c3 Nb6 14. d4 cxd4 15. cxd4 Bd7
16. b3 Ra8 17. Bb2 Rxa1 18. Bxa1 b4 19. Rf2 Qa8 20. Nf1 Rc8 21. Ne3 Na7 22. g4
Nb5 23. f5 Bg5 24. Nc2 Rxc2 25. Qxc2 Qxa1+ 26. Kh2 Nc3 27. fxe6 Bxe6 28. Ng3 Qb1
29. Qxb1 Nxb1 30. Nf1 Nd7 31. Kg3 Nf8 32. h4 Bc1 33. Rc2 Nc3 34. Bf3 Ba3 35. Ne3
g6 36. Kf2 Kg7 37. Nd1 Nxd1+ 38. Bxd1 Nd7 39. Ke3 h6 1/2-1/2

[Event "4th HD Bank Cup 2014"]
[Site "Ho Chi Minh City VIE"]
[Date "2014.03.15"]
[Round "9.36"]
[White "Ngo, Kim Cuong"]
[Black "Le, Minh Hoang"]
[Result "0-1"]
[BlackTitle "CM"]
[WhiteElo "1995"]
[BlackElo "1931"]
[WhiteFideId "12400890"]
[BlackFideId "12404683"]
[EventDate "2014.03.10"]

1. d4 d5 2. Nf3 Nf6 3. e3 c6 4. Bd3 Bg4 5. O-O Nbd7 6. b3 e5 7. dxe5 Nxe5 8. Be2
Bd6 9. Bb2 Ng6 10. Nbd2 O-O 11. h3 Bf5 12. c4 Rc8 13. cxd5 cxd5 14. Nd4 Be6 15.
Rc1 Bb8 16. Ba3 Re8 17. Bd3 a5 18. Bxg6 hxg6 19. Nxe6 fxe6 20. Nb1 Rc6 21. Rxc6
bxc6 22. g3 c5 23. Kg2 Rf8 24. h4 e5 25. Qc2 Bd6 26. Qxg6 d4 27. exd4 cxd4 28.
Bxd6 Qxd6 29. Kg1 0-1